| Tag |
First Indicator |
Second Indicator |
Subfields |
| LEADER |
00000cam a2200000 4500 |
| 001 |
in00000228564 |
| 005 |
20151009075239.0 |
| 008 |
711105s1953 nmu b 00000 eng |
| 010 |
|
|
|a 53063018
|
| 035 |
|
|
|a (OCoLC)00169199
|
| 035 |
|
|
|9 AAZ3560AM
|
| 040 |
|
|
|c WSU
|d TXA
|d UtOrBLW
|
| 049 |
|
|
|a TXAM
|c [232699]
|
| 082 |
0 |
|
|a 330.1
|
| 090 |
|
|
|a HB31
|b .N45 no.1
|
| 100 |
1 |
|
|a Hamilton, David Boyce,
|d 1918-
|
| 245 |
1 |
0 |
|a Newtonian classicism and Darwinian institutionalism.
|
| 264 |
|
1 |
|a Albuquerque :
|b University of New Mexico Press,
|c 1953.
|
| 300 |
|
|
|a 138 pages ;
|c 23 cm.
|
| 336 |
|
|
|a text
|b txt
|2 rdacontent
|
| 337 |
|
|
|a unmediated
|b n
|2 rdamedia
|
| 338 |
|
|
|a volume
|b nc
|2 rdacarrier
|
| 490 |
1 |
|
|a University of New Mexico publications in economics, no. 1
|
| 504 |
|
|
|a Bibliography: pages 134-138.
|
| 650 |
|
0 |
|a Economics
|x History.
|
| 830 |
|
0 |
|a University of New Mexico publications in economics ;
|v no. 1.
|
| 999 |
|
|
|a MARS
|
| 999 |
f |
f |
|s 06f02d18-bbe7-3179-be32-464896aa3712
|i 5005a30c-2888-3fd7-b6d7-9b1d98ebe23f
|t 0
|
| 952 |
f |
f |
|p ric
|a Texas A&M University
|b Rellis Campus
|c Joint Library Facility
|d Remote Storage
|t 0
|e HB31 .N45 no.1
|h Library of Congress classification
|i unmediated -- volume
|m A14802523938
|
| 998 |
f |
f |
|a HB31 .N45 no.1
|t 0
|l Remote Storage
|